[Event "Morava-ch U16"]
[Site "Bystrice nad Pernstejnem"]
[Date "2024.10.30"]
[Round "6"]
[White "Bartova, Hana"]
[Black "Kozusnikova, Daniela"]
[Result "0-1"]
[WhiteElo "1674"]
[BlackElo "1822"]
[PlyCount "76"]
[EventDate "2024.10.26"]
[EventType "swiss"]
[EventRounds "9"]
[EventCountry "CZE"]
[SourceTitle "CB45_2024"]
[Source "ChessBase"]
[SourceDate "2024.11.06"]
[SourceVersion "1"]
[SourceVersionDate "2024.11.06"]
[SourceQuality "1"]

1. e4 e5 2. Nf3 Nf6 3. Nxe5 d6 4. Nf3 Nxe4 5. Nc3 Nf6 6. d4 g6 7. Bf4 Bg7 8. Qd2 0-0 9. 0-0-0 Nc6 10. h4 h5 11. Be2 a6 12. Nh2 b5 13. Bf3 d5 14. Rdg1 b4 15. Nd1 Ne4 16. Bxe4 dxe4 17. d5 Ne5 18. Ne3 Qf6 19. Bg5 Qb6 20. Be7 Re8 21. Bxb4 Bh6 22. Bc3 c5 23. Kb1 Qb5 24. Bxe5 Rxe5 25. Qc3 Re7 26. Nc4 Bg7 27. Qb3 Qe8 28. Nf1 a5 29. Nfe3 Ba6 30. Rd1 Rb8 31. Qa3 Rb4 32. b3 Reb7 33. Kc1 Bxc4 34. Nxc4 Rxc4 35. bxc4 Bh6+ 36. Rd2 Qb8 37. c3 Rb1+ 38. Kc2 Rxh1 0-1

[Event "Morava-ch U16"]
[Site "Bystrice nad Pernstejnem"]
[Date "2024.10.27"]
[Round "2"]
[White "Setina, Vaclav"]
[Black "Bartova, Hana"]
[Result "1-0"]
[WhiteElo "2102"]
[BlackElo "1674"]
[PlyCount "121"]
[EventDate "2024.10.26"]
[EventType "swiss"]
[EventRounds "9"]
[EventCountry "CZE"]
[SourceTitle "CB45_2024"]
[Source "ChessBase"]
[SourceDate "2024.11.06"]
[SourceVersion "1"]
[SourceVersionDate "2024.11.06"]
[SourceQuality "1"]

1. d4 Nf6 2. c4 e6 3. Nf3 d5 4. Nc3 Be7 5. g3 0-0 6. Bg2 b6 7. 0-0 Bb7 8. cxd5 Nxd5 9. Qc2 Nb4 10. Qb1 Nd7 11. a3 Nd5 12. e4 Nxc3 13. bxc3 c5 14. Rd1 cxd4 15. cxd4 Nf6 16. Ne5 Rc8 17. Bb2 Bd6 18. f4 Qe7 19. Qd3 Rfd8 20. Rd2 Bb8 21. Rad1 a6 22. h3 Ba7 23. Kh2 h5 24. Qe2 b5 25. d5 exd5 26. exd5 Rd6 27. Bf3 h4 28. g4 Rcd8 29. Qg2 Be3 30. Re2 Bxf4+ 31. Kh1 Qf8 32. Rd4 Bg3 33. g5 Nxd5 34. g6 f6 35. Nf7 Nf4 36. Rxd6 Rxd6 37. Nxd6 Nxg2 38. Bxb7 Bxd6 39. Bd5+ Kh8 40. Kxg2 Qd8 41. Bf7 Be7 42. Bc3 Qa8+ 43. Kf2 Qd8 44. Re4 Bc5+ 45. Ke2 f5 46. Re8+ Qxe8+ 47. Bxe8 Bxa3 48. Bf7 b4 49. Be1 a5 50. Bxh4 Bb2 51. Be7 Bc3 52. Bb3 Bf6 53. Bxf6 gxf6 54. h4 Kg7 55. h5 Kh6 56. Kf3 Kg7 57. Kf4 Kh6 58. Kxf5 Kg7 59. Ba4 Kh8 60. Kxf6 b3 61. g7+ 1-0

[Event "EU-ch U14 Girls"]
[Site "Prague"]
[Date "2024.08.26"]
[Round "5"]
[White "Derlich, Sarah Sima"]
[Black "Bartova, Hana"]
[Result "1/2-1/2"]
[WhiteElo "1982"]
[BlackElo "1796"]
[PlyCount "98"]
[EventDate "2024.08.22"]
[EventType "swiss"]
[EventRounds "9"]
[EventCountry "CZE"]
[SourceTitle "CBM 221 Extra"]
[Source "ChessBase"]
[SourceDate "2024.09.30"]
[SourceVersion "1"]
[SourceVersionDate "2024.09.30"]
[SourceQuality "1"]

1. e4 e5 2. Nf3 Nf6 3. Nxe5 d6 4. Nf3 Nxe4 5. d4 d5 6. Bd3 Nc6 7. 0-0 Be7 8. Re1 Bg4 9. c3 f5 10. Nbd2 0-0 11. a4 Rf6 12. Nf1 Rg6 13. Ng3 Bd6 14. Qb3 Bxg3 15. hxg3 Bxf3 16. gxf3 Nxg3 17. fxg3 Qd6 18. Bf4 Qxf4 19. Qxd5+ Kh8 20. g4 Qg3+ 21. Kf1 fxg4 22. Qe4 Rf8 23. Ke2 Qxf3+ 24. Qxf3 gxf3+ 25. Ke3 f2 26. Rh1 Rg3+ 27. Kd2 h6 28. Be4 Rf6 29. b4 Rf4 30. Bd5 Nxd4 31. Rab1 Nf3+ 32. Ke3 Rf6 33. Kxf2 Rg4 34. Bxf3 Rgf4 35. Rh3 g5 36. Ke3 g4 37. Rxh6+ Rxh6 38. Kxf4 gxf3 39. Rf1 Rf6+ 40. Kg3 Rg6+ 41. Kxf3 Rf6+ 42. Ke2 Rxf1 43. Kxf1 Kg7 44. Ke2 Kf6 45. Kd3 Ke5 46. c4 c6 47. a5 b5 48. axb6 axb6 49. Ke3 b5 1/2-1/2

[Event "EU Union-ch U14"]
[Site "Roznov pod Radhostem"]
[Date "2024.08.10"]
[Round "6"]
[White "Duchatel, Maxime"]
[Black "Bartova, Hana"]
[Result "0-1"]
[WhiteElo "1682"]
[BlackElo "1796"]
[PlyCount "122"]
[EventDate "2024.08.05"]
[EventType "swiss"]
[EventRounds "9"]
[EventCountry "CZE"]
[SourceTitle "EXT 2025"]
[Source "ChessBase"]
[SourceDate "2024.10.14"]
[SourceVersion "1"]
[SourceVersionDate "2024.10.14"]
[SourceQuality "1"]

1. e4 e5 2. Nf3 Nf6 3. Nxe5 d6 4. Nf3 Nxe4 5. Nc3 Nxc3 6. dxc3 Be7 7. Be3 Be6 8. Qd2 Qd7 9. Nd4 0-0 10. Bd3 Nc6 11. 0-0 Bf6 12. Nf3 Ne5 13. Nxe5 Bxe5 14. Bf4 Bf6 15. Be4 Rfe8 16. Qd3 g6 17. h3 Bg7 18. Qf3 d5 19. Bd3 Bf5 20. Bxf5 Qxf5 21. Bxc7 Qxc2 22. Qxd5 Qxb2 23. Rab1 Qxc3 24. Rxb7 Qf6 25. Bg3 Red8 26. Qb3 Qf5 27. Rc1 Bd4 28. Rcc7 Rf8 29. Qf3 Qxf3 30. gxf3 Bb6 31. Rd7 Rad8 32. Re7 Rd1+ 33. Kg2 Bd8 34. Red7 Rxd7 35. Rxd7 Bb6 36. Rb7 Rc8 37. Bb8 Rc2 38. Bxa7 Rxf2+ 39. Kg3 Bxa7 40. Rxa7 Rb2 41. a4 Rb4 42. Kf2 Kf8 43. a5 Ke8 44. a6 Ra4 45. Ra8+ Ke7 46. a7 h5 47. Ke3 Kf6 48. Kf2 Kf5 49. Rb8 Rxa7 50. Rb5+ Kf6 51. Rb6+ Kg7 52. Rb4 Ra3 53. h4 Ra7 54. Rc4 Re7 55. Rd4 Re5 56. f4 Rc5 57. Re4 Kf6 58. Ra4 Kf5 59. Ra7 f6 60. Ra6 Rc4 61. Ke3 Re4+ 0-1

[Event "EU Union-ch U14"]
[Site "Roznov pod Radhostem"]
[Date "2024.08.06"]
[Round "2"]
[White "Bartova, Hana"]
[Black "Boros, David"]
[Result "0-1"]
[WhiteElo "1796"]
[BlackElo "1796"]
[PlyCount "69"]
[EventDate "2024.08.05"]
[EventType "swiss"]
[EventRounds "9"]
[EventCountry "CZE"]
[SourceTitle "EXT 2025"]
[Source "ChessBase"]
[SourceDate "2024.10.14"]
[SourceVersion "1"]
[SourceVersionDate "2024.10.14"]
[SourceQuality "1"]

1. e4 Nf6 2. Nc3 d5 3. e5 Nfd7 4. d4 c5 5. f4 e6 6. Be3 Nc6 7. Nf3 a6 8. Qd2 b5 9. dxc5 Bxc5 10. Bxc5 Nxc5 11. Nd4 Bb7 12. Nxc6 Bxc6 13. Qd4 Qb6 14. 0-0-0 b4 15. Ne2 0-0 16. Ng3 Rfc8 17. Kb1 Ba4 18. b3 Qc6 19. Bd3 Nxd3 20. Qxd3 Bb5 21. Qd2 a5 22. Ne2 Bxe2 23. Qxe2 a4 24. Qd2 axb3 25. cxb3 Qa6 26. Rc1 Rc3 27. Rhd1 d4 28. Qb2 Rac8 29. Rxc3 bxc3 30. Qc2 Qb6 31. Ka1 Qc5 32. Kb1 h6 33. Rc1 Qd5 34. Rd1 Rc6 35. Rd3 0-1

[Event "CZE-ch U14 Girls"]
[Site "Kouty nad Desnou"]
[Date "2024.03.11"]
[Round "4"]
[White "Barteckova, Valerie"]
[Black "Bartova, Hana"]
[Result "0-1"]
[WhiteElo "1687"]
[BlackElo "1667"]
[PlyCount "70"]
[EventDate "2024.03.09"]
[EventType "swiss"]
[EventRounds "9"]
[EventCountry "CZE"]
[SourceTitle "CBM 219 Extra"]
[Source "ChessBase"]
[SourceDate "2024.05.31"]
[SourceVersion "1"]
[SourceVersionDate "2024.05.31"]
[SourceQuality "1"]

1. f4 d5 2. g3 c5 3. Nf3 Nc6 4. Bg2 g6 5. 0-0 Bg7 6. d3 Nf6 7. Qe1 0-0 8. e4 dxe4 9. dxe4 Nd4 10. Na3 Nxf3+ 11. Bxf3 Bh3 12. Rf2 Ng4 13. Rd2 Qc7 14. c3 Rad8 15. Nc4 b5 16. Ne3 Nxe3 17. Qxe3 Bc8 18. Qe2 Qb6 19. Rxd8 Rxd8 20. Be3 Bb7 21. Qf2 Rc8 22. Rd1 b4 23. c4 b3 24. a3 Qe6 25. Bxc5 Qxc4 26. Bxe7 Bxe4 27. Be2 Qc7 28. Bd6 Qc2 29. Be5 Bxe5 30. fxe5 Qxb2 31. Qe3 Qxe5 32. Qxb3 Bc2 33. Qb7 Rb8 34. Rd5 Qe3+ 35. Kf1 Rxb7 0-1

[Event "CZE-ch U14 Girls"]
[Site "Kouty nad Desnou"]
[Date "2024.03.09"]
[Round "1"]
[White "Kratka, Tereza"]
[Black "Bartova, Hana"]
[Result "0-1"]
[WhiteElo "1477"]
[BlackElo "1667"]
[PlyCount "78"]
[EventDate "2024.03.09"]
[EventType "swiss"]
[EventRounds "9"]
[EventCountry "CZE"]
[SourceTitle "CBM 219 Extra"]
[Source "ChessBase"]
[SourceDate "2024.05.31"]
[SourceVersion "1"]
[SourceVersionDate "2024.05.31"]
[SourceQuality "1"]

1. c4 g6 2. d4 Bg7 3. Nf3 d6 4. e3 Nd7 5. Nc3 c5 6. Be2 Ngf6 7. 0-0 0-0 8. a3 cxd4 9. exd4 b6 10. Bf4 Bb7 11. Qd2 Rc8 12. b3 d5 13. Rac1 dxc4 14. bxc4 Re8 15. Rfe1 Nf8 16. Qd3 Ne6 17. Be3 Ng4 18. h3 Nxe3 19. fxe3 Qd6 20. Nb5 Qb8 21. a4 Red8 22. Rb1 Nc5 23. Qa3 Ne4 24. Nc3 Qg3 25. Nxe4 Bxe4 26. Rbc1 Bxf3 27. Bxf3 Rxc4 28. Qxe7 Rdc8 29. Qa3 Bh6 30. Rcd1 Rc3 31. Qe7 Bg5 32. Qe4 Kf8 33. Qg4 Qxg4 34. Bxg4 R8c4 35. Kf2 Rxa4 36. d5 Ke7 37. d6+ Kd8 38. d7 Raa3 39. e4 Bh4+ 0-1

[Event "Svetla nad Sazavou Mares Memorial"]
[Site "Svetla nad Sazavou"]
[Date "2023.12.29"]
[Round "5"]
[White "Hosticka, Frantisek"]
[Black "Bartova, Hana"]
[Result "1-0"]
[WhiteElo "2032"]
[BlackElo "1389"]
[PlyCount "137"]
[EventDate "2023.12.29"]
[EventType "swiss"]
[EventRounds "9"]
[EventCountry "CZE"]
[SourceTitle "CBM 218 Extra"]
[Source "ChessBase"]
[SourceDate "2024.03.31"]
[SourceVersion "1"]
[SourceVersionDate "2024.03.31"]
[SourceQuality "1"]

1. e4 e5 2. Bb5 Bc5 3. Nf3 c6 4. Ba4 d6 5. c3 Bg4 6. h3 Bh5 7. d3 Nf6 8. Nbd2 0-0 9. 0-0 d5 10. Re1 Qb6 11. Qe2 dxe4 12. dxe4 Qc7 13. Bc2 Rd8 14. Nf1 Nbd7 15. Ng3 Bg6 16. Nh4 Nf8 17. Qf3 Qe7 18. Nhf5 Bxf5 19. Nxf5 Qe6 20. Bb3 Qd7 21. Bg5 Be7 22. Nh6+ gxh6 23. Bxf6 Bxf6 24. Qxf6 Ng6 25. g3 Qe7 26. Qf3 Rd6 27. Rad1 Rad8 28. Rxd6 Rxd6 29. Qe3 Kg7 30. Qxa7 Rd2 31. Rb1 c5 32. Bd5 Nf8 33. Qxb7 Qf6 34. Rf1 Ne6 35. Bxe6 Qxe6 36. Kg2 Qxa2 37. b4 cxb4 38. cxb4 Qc4 39. b5 Rb2 40. b6 Qc5 41. Qd5 Qxd5 42. exd5 Rxb6 43. Kf3 Rd6 44. Ke4 f6 45. Rc1 Kf7 46. Rc7+ Kg6 47. g4 Rd8 48. h4 Rd6 49. h5+ Kg5 50. Rg7+ Kh4 51. f3 Rd8 52. Rxh7 Kg5 53. Rg7+ Kh4 54. Rg6 Ra8 55. Rxf6 Ra4+ 56. Kxe5 Ra8 57. d6 Re8+ 58. Re6 Rd8 59. Rxh6 Kg5 60. Rg6+ Kh4 61. h6 Re8+ 62. Re6 Rd8 63. h7 Kg5 64. f4+ Kxg4 65. Rg6+ Kh5 66. Rg1 Kh6 67. h8Q+ Rxh8 68. Rh1+ Kg7 69. Rxh8 1-0

[Event "EU Union-ch U14"]
[Site "Kouty nad Desnou"]
[Date "2023.08.23"]
[Round "8"]
[White "Berkova, Agata"]
[Black "Bartova, Hana"]
[Result "0-1"]
[WhiteElo "1101"]
[BlackElo "1461"]
[PlyCount "80"]
[EventDate "2023.08.16"]
[EventType "swiss"]
[EventRounds "9"]
[EventCountry "CZE"]
[SourceTitle "EXT 2024"]
[Source "ChessBase"]
[SourceDate "2023.10.10"]
[SourceVersion "1"]
[SourceVersionDate "2023.10.10"]
[SourceQuality "1"]

1. e4 e5 2. Nf3 Nc6 3. Bc4 Bc5 4. Nc3 Nf6 5. d3 d6 6. h3 Be6 7. Bb3 h6 8. 0-0 Qd7 9. Bxe6 fxe6 10. Be3 Bb6 11. Qd2 0-0-0 12. Bxb6 axb6 13. Rfe1 g5 14. Rad1 Nd4 15. Nxd4 exd4 16. Ne2 e5 17. Ng3 g4 18. h4 Rdg8 19. Nf5 Rg6 20. Qb4 g3 21. f3 Rhg8 22. Qa3 c5 23. Rc1 Nh5 24. Nxh6 R8g7 25. Nf5 Rh7 26. Qb3 Kc7 27. c3 dxc3 28. Rxc3 Nf4 29. Kf1 Qd8 30. Ne3 Qxh4 31. Nd5+ Nxd5 32. Qxd5 Qh1+ 33. Ke2 Qxg2+ 34. Kd1 Qxf3+ 35. Kc1 g2 36. d4 g1Q 37. Rxf3 Qxe1+ 38. Kc2 Qe2+ 39. Kb3 Qxf3+ 40. Ka4 Qd1+ 0-1

[Event "EU Union-ch U14"]
[Site "Kouty nad Desnou"]
[Date "2023.08.20"]
[Round "5"]
[White "Pritulina, Nadezhda"]
[Black "Bartova, Hana"]
[Result "1-0"]
[WhiteElo "1372"]
[BlackElo "1461"]
[PlyCount "27"]
[EventDate "2023.08.16"]
[EventType "swiss"]
[EventRounds "9"]
[EventCountry "CZE"]
[SourceTitle "EXT 2024"]
[Source "ChessBase"]
[SourceDate "2023.10.10"]
[SourceVersion "1"]
[SourceVersionDate "2023.10.10"]
[SourceQuality "1"]

1. e4 e5 2. Nf3 Nf6 3. Nc3 Nc6 4. Bb5 Bc5 5. 0-0 d6 6. d4 exd4 7. Nxd4 Bd7 8. Nf5 a6 9. Nxg7+ Ke7 10. Bg5 Be6 11. Nh5 Qg8 12. Bxf6+ Kd7 13. Bxh8 Bg4 14. Qxg4+ 1-0

[Event "CZE-ch U14 Girls"]
[Site "Teplice"]
[Date "2023.03.16"]
[Round "7"]
[White "Barteckova, Valerie"]
[Black "Bartova, Hana"]
[Result "1-0"]
[WhiteElo "1478"]
[BlackElo "1351"]
[PlyCount "91"]
[EventDate "2023.03.11"]
[EventType "swiss"]
[EventRounds "9"]
[EventCountry "CZE"]
[SourceTitle "CBM 213 Extra"]
[Source "ChessBase"]
[SourceDate "2023.05.31"]
[SourceVersion "1"]
[SourceVersionDate "2023.05.31"]
[SourceQuality "1"]

1. d4 Nf6 2. Nf3 d6 3. Bf4 Nbd7 4. e3 g6 5. Bd3 Bg7 6. c3 h6 7. h3 c6 8. Nbd2 Nb6 9. 0-0 0-0 10. Re1 Nh5 11. Bh2 Be6 12. Qc2 g5 13. Be2 Nf6 14. Bg3 Ne8 15. e4 Nc7 16. Bd3 d5 17. e5 Bd7 18. Nb3 Ne6 19. Rad1 Rc8 20. Qe2 f5 21. exf6 Rxf6 22. Ne5 Nf4 23. Bxf4 Rxf4 24. Nxd7 Nxd7 25. Qxe7 Qxe7 26. Rxe7 Rf7 27. Rde1 Kf8 28. Rxf7+ Kxf7 29. Bf5 Rc7 30. Kf1 b6 31. Re2 Nf8 32. Ke1 Re7 33. Rxe7+ Kxe7 34. Ke2 Ne6 35. Ke3 Nc7 36. f4 Nb5 37. fxg5 hxg5 38. Kf3 Nd6 39. Bd3 Kf7 40. Kg4 Bf6 41. Nd2 Kg7 42. Nf3 Kh6 43. Ne5 Bxe5 44. dxe5 Ne4 45. Kf5 Kg7 46. Bxe4 1-0

[Event "EU Union-ch U12"]
[Site "Pec pod Snezkou"]
[Date "2022.08.22"]
[Round "1"]
[White "Bartova, Hana"]
[Black "Buchtova, Viktorie"]
[Result "0-1"]
[WhiteElo "1209"]
[BlackElo "1531"]
[PlyCount "46"]
[EventDate "2022.08.22"]
[EventType "swiss"]
[EventRounds "9"]
[EventCountry "CZE"]
[SourceTitle "EXT 2023"]
[Source "ChessBase"]
[SourceDate "2022.10.05"]
[SourceVersion "1"]
[SourceVersionDate "2022.10.05"]
[SourceQuality "1"]

1. e4 c5 2. Nf3 g6 3. d4 cxd4 4. Nxd4 Bg7 5. Be3 Nc6 6. Nc3 Nf6 7. f3 d5 8. Bb5 Bd7 9. exd5 Nb4 10. Bc4 Rc8 11. Bb3 0-0 12. a3 Na6 13. Qd2 Nc5 14. Ba2 Na4 15. 0-0-0 Nxc3 16. bxc3 Qa5 17. Kb2 Nxd5 18. Bxd5 Qxd5 19. Ne2 Qb5+ 20. Kc1 Be6 21. Nd4 Qa4 22. Nxe6 Qxa3+ 23. Kb1 Bxc3 0-1

[Event "CZE-chT U12"]
[Site "Jihlava"]
[Date "2022.06.12"]
[Round "9.4"]
[White "Bartova, Hana"]
[Black "Jezek, Jiri"]
[Result "1-0"]
[WhiteElo "1209"]
[BlackElo "1087"]
[PlyCount "93"]
[EventDate "2022.06.10"]
[EventType "team-swiss"]
[EventRounds "9"]
[EventCountry "CZE"]
[SourceTitle "CBM 209 Extra"]
[Source "ChessBase"]
[SourceDate "2022.09.30"]
[SourceVersion "1"]
[SourceVersionDate "2022.09.30"]
[SourceQuality "1"]
[WhiteTeam "Svetla nad Sazavou U12"]
[BlackTeam "Plzen Sokol U12"]
[WhiteTeamCountry "CZE"]
[BlackTeamCountry "CZE"]

1. e4 c5 2. Nf3 Nc6 3. d4 cxd4 4. Nxd4 g6 5. Be3 Bg7 6. Nc3 Nf6 7. Be2 Qb6 8. Nb3 Qc7 9. 0-0 0-0 10. Qd2 Ne5 11. Nb5 Qb8 12. f4 Neg4 13. Bxg4 Nxg4 14. Bd4 e5 15. Bc5 b6 16. Bxf8 Kxf8 17. Nc3 exf4 18. Rxf4 Bxc3 19. bxc3 Ne5 20. Raf1 Ba6 21. R1f2 Kg8 22. h3 Qe8 23. Nc1 Nc4 24. Qd4 Ne5 25. Nd3 Bxd3 26. cxd3 Rc8 27. Qd5 Rxc3 28. Rd2 Rc1+ 29. Rf1 Rxf1+ 30. Kxf1 Qe7 31. Qa8+ Kg7 32. Qxa7 Qf6+ 33. Rf2 Qc6 34. Kg1 Qc1+ 35. Rf1 Qe3+ 36. Kh1 Qxd3 37. Kg1 Qg3 38. Qxb6 Qe3+ 39. Qxe3 f6 40. Qd4 h5 41. a4 Kf8 42. a5 Ke8 43. a6 Kd8 44. a7 Nc6 45. Qb6+ Kc8 46. a8Q+ Nb8 47. Qaxb8# 1-0